Statistics for World Capital Cities By Meaning Of Its Name - Part 1

Click here to take the quiz!

General Stats

  • This quiz has been taken 26 times
    (21 since last reset)
  • The average score is 5 of 26

Answer Stats

MeaningOrigin LanguageCapital City% Correct
A Dam on the Amstel RiverDutchAmsterdam
94%
Fair WindsSpanishBuenos Aires
50%
Merchant's HarbourDanishCopenhagen
33%
Black PoolIrishDublin
33%
Holy SaviorSpanishSan Salvador
33%
Three CitiesGreekTripoli
28%
The Fair GardenPersianBaghdad
22%
Muddy ConfluenceMalayKuala Lumpur
22%
Lion CitySanskritSingapore
22%
Log IsletSwedishStockholm
22%
Smoky BayIcelandicReykjavik
17%
FountainPhoenicianBeirut
11%
Spring of BloomDutchBloemfontein
11%
Place of the Red SandstoneSesothoMaseru
11%
FlatlandKoreanPyongyang
11%
Warm LocationGeorgianTbilisi
11%
City of the ThousandMalagasyAntananarivo
6%
The VictoriousArabicCairo
6%
Centre of the WorldTsafikiQuito
6%
Father of GazelleArabicAbu Dhabi
0%
Well-watered PlaceLatin / AramaicDamascus
0%
It has sunkGogoDodoma
0%
He Does Not SleepShonaHarare
0%
HiddenArabicMuscat
0%
Place of Fermented MudPalauanNgerulmud
0%
Fortified PlaceArabicRabat
0%

Score Distribution

Percentile by Number Answered

Percent of People with Each Score

Your Score History

You have not taken this quiz since the last reset